000
00341nam a2200133Ia 4500
008
230411s9999 xx 000 0 und d
041
_a
eng
082
_a
P/610.7362/DAT/B06910
100
_a
Datta Parul
_9
177972
245
_a
Pediatric Nursing
260
_b
Jaypee Brothers
_a
New Delhi
_c
2007
300
_a
498p
999
_c
157166
_d
157166